| 000 | 00747cab a2200241 4500 | ||
|---|---|---|---|
| 001 | ABS51389 | ||
| 008 | 090401t1994 xxu||||| |||| 00| 0 eng d | ||
| 035 | _a(Sirsi) u24506 | ||
| 041 | _aeng | ||
| 245 | _aIncreasing local conservation commitment... | ||
| 260 | _c1994 | ||
| 350 | _a0 | ||
| 490 |
_aConservation Bulletin _vJuly 1994, 26-28(3) |
||
| 520 | _aExamines the aims and objectives of the English Heritage Conservation Area Partnership scheme. Provides brief commentary on 14 schemes. | ||
| 650 | _aCONSERVATION AREA PARTNERSHIPS | ||
| 650 | _aCONSERVATION AREAS | ||
| 650 | _aENGLISH HERITAGE | ||
| 650 | _aHISTORIC BUILDINGS | ||
| 650 | _aLISTED BUILDINGS | ||
| 690 | _aCONSERVATION | ||
| 942 | _n0 | ||
| 948 | _c04/03/1997 | ||
| 999 |
_c16435 _d16435 |
||